[Event "GCT Warsaw 2024"]
[Site "Warsaw, Poland"]
[Date "2024.05.09"]
[Round "9.4"]
[White "Carlsen, Magnus"]
[Black "Giri, Anish"]
[Result "1/2-1/2"]
[WhiteElo "2828"]
[BlackElo "2687"]
[PlyCount "136"]
[EventDate "2024.??.??"]

1. e4 e5 2. Nf3 Nc6 3. Bc4 Nf6 4. d3 Bc5 5. O-O d6 6. c3 a5 7. Re1 O-O ({RR} 7... Ba7 8. Na3 h6 9. Nc2 O-O 10. Be3 Bxe3 11. Nxe3 Re8 12. a4 Be6 13. Bxe6 Rxe6 14. Qb3 b6 15. Rad1 Ne7 16. h3 Qd7 17. Nh2 Rd8 18. Nhg4 Nxg4 19. hxg4 d5 20. d4 exd4 21. exd5 Re4 22. Qc2 {Nepomniachtchi,I (2782)-Carlsen,M (2855) Dubai UAE 2021 0-1 (49)}) 8. h3 Be6 ({RR} 8... h6 9. Nbd2 Be6 10. Bb5 Ba7 11. Nf1 Ne7 12. Ng3 Ng6 13. d4 exd4 14. cxd4 d5 15. e5 Ne4 16. Bd3 c5 17. Nxe4 dxe4 18. Bxe4 cxd4 19. Bxb7 Rb8 20. Be4 Qd7 21. b3 Rfd8 22. Ba3 d3 23. Bd6 {Leiva,G (2405)-Real de Azua,E (2446) chess.com INT 2022 1-0 (73)}) 9. Bb5 Ba7 10. d4 $146 ({RR} 10. Nbd2 Ne7 11. Nf1 c6 12. Ba4 Ng6 13. Ng3 d5 14. exd5 Nxd5 15. d4 exd4 16. Nxd4 Qc7 17. Ne4 Rae8 18. Bc2 Ndf4 19. Nxe6 Rxe6 20. Be3 Bxe3 21. Rxe3 Rfe8 22. Qf1 Nh4 23. Ng5 Rxe3 24. fxe3 Nfxg2 {Neiksans,A (2575)-Hovhannisyan,R (2622) Riga LAT 2021 0-1 (35)}) ({RR} 10. Nbd2 Ne7 11. d4 Ng6 12. Nf1 exd4 13. Nxd4 c6 14. Bd3 Qc7 15. Ng3 Rae8 16. f4 Bc8 17. Bc2 Nd7 18. Kh2 Bb8 19. Nh5 Nc5 20. Nf5 Ne6 21. g3 Rd8 22. Qf3 Kh8 23. Be3 c5 24. Rad1 b5 {Nikolovski,N (2424)-Svane,R (2592) Batumi GEO 2019 1-0 (86)}) ({RR} 10. Be3 Bxe3 11. Rxe3 Ne7 12. d4 Ng6 13. Nbd2 c6 14. Bf1 a4 15. b4 axb3 16. axb3 b5 17. b4 Qb6 18. Re1 h6 19. Qc2 Ra7 20. Rxa7 Qxa7 21. c4 bxc4 22. Nxc4 Bxc4 23. Qxc4 Qb6 24. Rc1 Rb8 {Adams,M (2692)-Matlakov,M (2710) Budva MNE 2019 ½-½}) 10... Bd7 11. Ba4 Re8 12. Bc2 h6 13. a4 exd4 14. cxd4 Nb4 15. Nc3 Nxc2 16. Qxc2 c6 17. Be3 $146 ({RR} 17. Bd2 Qc8 18. Rac1 Bxh3 19. gxh3 Qxh3 20. Qd3 Re6 21. Ne5 Qh5 22. Nc4 Ng4 23. Bf4 Rf6 24. Bg3 Rxf2 25. Re2 Rxe2 26. Nxe2 d5 27. exd5 Rd8 28. Rf1 Re8 29. Bc7 Bxd4+ 30. Nxd4 Re7 31. Rb1 Re4 {Laohawirapap,P (2348)-Azarya,J (2393) Hanoi VIE 2024 ½-½ (36)}) ({RR} 17. Re2 b5 18. axb5 cxb5 19. e5 dxe5 20. dxe5 Nh7 21. Be3 Bxe3 22. Rxe3 Ng5 23. Nxg5 Qxg5 24. Rae1 Bc6 25. Ne4 Qg6 26. Nf6+ gxf6 27. Rg3 Qxg3 28. fxg3 Re6 29. Qf5 fxe5 30. Rxe5 Rae8 31. Qg4+ Rg6 {So,W (2760)-Carlsen,M (2859) chess24.com INT 2022 ½-½ (69)}) ({RR} 17. Bd2 Rc8 18. Rac1 Be6 19. Be3 b5 20. Nd2 b4 21. Ne2 d5 22. e5 c5 23. dxc5 Nd7 24. Nb3 Nxe5 25. Nf4 Nc4 26. Rcd1 Qd7 27. Nh5 Bf5 28. Qc1 Nxe3 29. Rxe3 Rxe3 30. Qxe3 Bg6 31. Qe5 f6 {Zhou,Y (2425)-Kantor,G (2563) Eforie Nord ROU 2025 0-1 (40)}) 17... Nxe4 18. Nxe4 Bf5 19. Nfd2 d5 20. Qb3 dxe4 21. Qxb7 Bxd4 22. Nc4 c5 23. Rad1 Qf6 24. Qb6 Qxb6 25. Nxb6 Rab8 26. Nc4 Rb4 27. Bxd4 cxd4 28. Rxd4 Rxa4 29. b3 Rb4 30. Rd5 Be6 31. Rxa5 Bxc4 32. bxc4 Rxc4 33. f3 Re6 34. Rxe4 Rcxe4 35. fxe4 Rxe4 36. Kf2 g6 37. Kf3 Rb4 38. g3 Rb3+ 39. Kg2 Rb2+ 40. Kf3 g5 41. g4 Kg7 42. Kg3 Kg6 43. Ra6+ f6 44. Rc6 Rb1 45. Kg2 Rb4 46. Kg3 h5 47. gxh5+ Kf5 48. Rc5+ Ke6 49. Rc6+ Ke5 50. Rc5+ Kd6 51. Rc8 Rh4 52. Rh8 Ke5 53. Re8+ Kf5 54. Rh8 Ra4 55. Rb8 Rh4 56. Rb5+ Ke6 57. Rb6+ Kf7 58. Rb7+ Kg8 59. Rb8+ Kg7 60. Rb7+ Kh6 61. Rb6 Rf4 62. h4 Kxh5 63. hxg5 Kxg5 64. Rb5+ f5 65. Rb8 Ra4 66. Rg8+ Kf6 67. Rf8+ Kg6 68. Rg8+ Kf6 1/2-1/2

[Event "GCT Warsaw 2024"]
[Site "Warsaw, Poland"]
[Date "2024.05.11"]
[Round "10.4"]
[White "Carlsen, Magnus"]
[Black "Shevchenko, Kirill"]
[Result "1-0"]
[WhiteElo "2828"]
[BlackElo "2622"]
[PlyCount "83"]
[EventDate "2024.??.??"]

1. e4 c5 2. Nf3 Nc6 3. Bb5 Nf6 4. Bxc6 dxc6 5. d3 Qc7 6. Nbd2 ({RR} 6. e5 Nd5 7. h3 Bf5 8. Nbd2 g5 9. Ne4 h6 10. Qe2 O-O-O 11. Bd2 Qb6 12. O-O-O Bg7 13. g4 Be6 14. Kb1 Rd7 15. Ng3 Rhd8 16. Nf5 Bxf5 17. gxf5 c4 18. dxc4 Nc3+ 19. Bxc3 Qxf2 20. Rxd7 Qxe2 {Bologan,V (2680)-Naiditsch,A (2702) Kishinev 2012 0-1 (34)}) ({RR} 6. h3 e5 7. Nbd2 Be6 8. Ng5 Bd7 9. Nc4 h6 10. Nf3 Be6 11. Ncxe5 Bd6 12. Nc4 Bxc4 13. dxc4 Nxe4 14. O-O O-O-O 15. Qe2 Rhe8 16. Be3 f5 17. Nh4 Qf7 18. Qf3 Rf8 19. g4 g6 20. gxf5 gxf5 {Bauer,C (2631)-Bellahcene,B (2508) Europe-Echecs INT 2022 0-1 (53)}) 6... e5 7. Nc4 ({RR} 7. a4 Be6 8. b3 Be7 9. Nc4 Nd7 10. Ng5 Bxc4 11. bxc4 Nf8 12. Qg4 h5 13. Qf5 Bd6 14. O-O Qe7 15. Qh3 f6 16. Nf3 g5 17. Nd2 Ne6 18. Re1 g4 19. Qe3 O-O-O 20. Qe2 Rdg8 21. Nf1 h4 {Praggnanandhaa,R (2747)-Caruana,F (2803) Toronto CAN 2024 0-1 (89)}) ({RR} 7. a4 Be6 8. b3 Be7 9. a5 Nd7 10. h4 f6 11. h5 Nf8 12. Nc4 Rd8 13. Nh4 Qd7 14. Qf3 g6 15. Bh6 Bg4 16. Qe3 g5 17. Bxf8 Kxf8 18. Nf3 Be6 19. Qd2 Rg8 20. Ne3 Qc8 21. Nh2 g4 {Praggnanandhaa,R (2747)-Shevchenko,K (2677) Warsaw POL 2024 0-1 (59)}) 7... b5 $146 ({RR} 7... Nd7 8. Nh4 g6 9. f4 Be7 10. Nf3 exf4 11. e5 Nb6 12. Nxb6 Qxb6 13. Qd2 g5 14. h4 g4 15. Ng5 Bxg5 16. hxg5 f3 17. gxf3 gxf3 18. Qc3 Be6 19. Be3 Qb4 20. Qxb4 cxb4 21. Rh4 a5 22. Kf2 {Oratovsky,M (2535)-Murey,J (2433) Israel 2007 ½-½ (51)}) ({RR} 7... Bd6 8. Bg5 Nd7 9. Nh4 Nb6 10. Nxd6+ Qxd6 11. b3 Be6 12. f4 exf4 13. O-O O-O 14. Bxf4 Qd4+ 15. Kh1 f5 16. Nf3 Qd7 17. Nd2 Rae8 18. Be3 Qe7 19. Qh5 Nd7 20. Rae1 fxe4 21. Bg5 Qd6 22. Nxe4 {Larsen,K (2331)-Hagen,A (2130) Helsingor 2012 1-0 (43)}) ({RR} 7... Nd7 8. a4 Be7 9. Bd2 O-O 10. Bc3 f6 11. Ne3 Re8 12. Nh4 g6 13. Qg4 Nf8 14. Qg3 Ne6 15. Nhf5 Kh8 16. Nxe7 Qxe7 17. h4 Nd4 18. f4 Bd7 19. Kd2 Rf8 20. Rhf1 Qg7 21. Rf2 Be6 22. Raf1 {Perez Mitjans,O (2434)-Alsina Leal,D (2531) Badalona 2015 ½-½ (31)}) 8. Ncd2 $146 ({RR} 8. Ne3 Bd6 9. a4 O-O 10. O-O Be6 11. Ng5 Bd7 12. b3 h6 13. Nf3 Ng4 14. Nxg4 Bxg4 15. h3 Be6 16. Qe2 c4 17. dxc4 bxc4 18. bxc4 Rab8 19. Be3 Rb4 20. c5 Be7 21. c3 Bc4 22. Qc2 Rb7 {Fomkin,D (2141)-Vakhlamov,I (2413) chess.com INT 2025 1-0 (71)}) 8... Be7 9. b3 Be6 10. O-O O-O 11. Ng5 Bg4 12. Qe1 Nd7 13. h3 Bh5 14. Ngf3 Rfd8 15. Bb2 f6 16. Nh4 Nf8 17. Nf5 Ne6 18. Nxe7+ Qxe7 19. a4 a6 20. Ra2 Nf4 21. f3 Bf7 22. Qe3 c4 23. dxc4 bxc4 24. Ba3 Qd7 25. Nxc4 Bxc4 26. bxc4 Qe6 27. Rb2 Rd7 28. Rb6 Rad8 29. Bc1 h5 30. Kh2 Kh7 31. Qc5 Ng6 32. Rxc6 Qf7 33. Be3 a5 34. Qxa5 Rd6 35. Rxd6 Rxd6 36. c5 Rc6 37. Qb5 Rc8 38. Rd1 Rc7 39. a5 Qa2 40. Rd7 Rxd7 41. Qxd7 Qxc2 42. Qf5 1-0

[Event "GCT Warsaw 2024"]
[Site "Warsaw, Poland"]
[Date "2024.05.11"]
[Round "11.3"]
[White "Praggnanandhaa R"]
[Black "Carlsen, Magnus"]
[Result "1-0"]
[WhiteElo "2704"]
[BlackElo "2828"]
[PlyCount "137"]
[EventDate "2024.??.??"]

1. e4 c6 2. d4 d5 3. exd5 cxd5 4. Bd3 Nc6 5. c3 e6 6. Bf4 Bd6 7. Bxd6 Qxd6 8. Nf3 Nge7 9. O-O O-O 10. Re1 ({RR} 10. Qc2 h6 11. Re1 Bd7 12. Qe2 Rae8 13. Nbd2 f6 14. Rad1 Qc7 15. Bc2 e5 16. dxe5 fxe5 17. Nxe5 Nc8 18. Ndf3 Nb6 19. Bb3 Bg4 20. Rxd5 Nxd5 21. Bxd5+ Kh7 22. Qc4 Bf5 23. g4 Bc2 24. Qe2 Nxe5 {Inarkiev,E (2665)-Gajewski,G (2623) Berlin GER 2021 1-0 (39)}) 10... Bd7 $146 ({RR} 10... Ng6 11. Nbd2 Bd7 12. Ng5 Nce7 13. Qh5 h6 14. Nxf7 Qf4 15. Bxg6 Qxd2 16. Re2 Qf4 17. Ne5 Be8 18. Bxe8 Raxe8 19. g3 Qf5 20. Qxf5 Nxf5 21. Ng6 Rf6 22. Nf4 Nd6 23. Rae1 Kf7 24. Kg2 b5 25. Nd3 {Lebrun,X (2162)-Plantet,M (1927) Montigny le Bretonneux 2007 1-0 (42)}) ({RR} 10... g6 11. Nbd2 Bd7 12. Nf1 Qf4 13. g3 Qh6 14. Ne3 f6 15. Bf1 Nd8 16. Rc1 Nf7 17. Bg2 Ng5 18. Nxg5 Qxg5 19. h4 Qh6 20. Ng4 Qg7 21. Qb3 b6 22. Ne3 Kh8 23. Re2 Rae8 24. Rce1 Nc8 25. c4 {Schubert,W-Binder,A Wiesbaden 1998 ½-½}) ({RR} 10... f6 11. c4 Nb4 12. Nc3 Nxd3 13. Qxd3 b6 14. Nb5 Qd7 15. Rac1 Ba6 16. Qa3 Bxb5 17. cxb5 Rac8 18. g3 Rxc1 19. Rxc1 Rc8 20. Rxc8+ Nxc8 21. Qe3 Kf7 22. a4 Qc7 23. Qd3 h6 24. Kg2 Nd6 25. Nd2 {Babiy,O (2275)-Popov,I (2588) Chennai IND 2019 0-1 (48)}) ({RR} 10... f6 11. c4 dxc4 12. Bxc4 Nf5 13. d5 exd5 14. Bxd5+ Kh8 15. Nc3 Bd7 16. Qb3 Qc7 17. Rad1 Rad8 18. h3 Bc8 19. Qa3 Nfe7 20. Nb5 Qb6 21. Nxa7 Nxd5 22. Nxc8 Rxc8 23. Rxd5 Ra8 24. Qb3 Qxb3 25. axb3 {Carlsen,M (2835)-Anand,V (2754) Zagreb CRO 2023 1-0 (53)}) 11. Nbd2 ({RR} 11. Ne5 Nxe5 12. dxe5 Qb6 13. Qb3 Qxb3 14. axb3 Rfd8 15. Na3 f6 16. Nc2 Nc6 17. exf6 gxf6 18. Bb5 Kf7 19. Bxc6 Bxc6 20. f4 a5 21. Re3 h5 22. Rae1 Bd7 23. Nd4 Ra6 24. Kf2 b5 25. g3 Re8 {Vocaturo,D (2616)-Carlsen,M (2864) Chennai 2022 ½-½ (56)}) 11... f6 12. b4 b6 $146 ({RR} 12... Rac8 13. Qb1 h6 14. Qb3 Be8 15. b5 Nb8 16. c4 Bf7 17. Re3 Nd7 18. Rae1 Rfe8 19. g3 Qc7 20. Rxe6 Bxe6 21. Rxe6 Nf8 22. Re1 Qd7 23. c5 Kh8 24. Kg2 Neg6 25. h3 Rxe1 26. Nxe1 Ne7 27. Nc2 {Johnson,D (2323)-Mou,I (2227) Asuncion PAR 2025 0-1 (60)}) 13. a4 Rac8 14. Re3 Be8 15. Qe1 Bf7 16. a5 Nf5 17. Re2 Nce7 18. Nf1 Qd7 19. axb6 axb6 20. Ng3 Nd6 21. Ra6 Rb8 22. h4 Rfe8 23. Rea2 Nef5 24. Ra7 Rb7 25. Nxf5 exf5 26. Ra8 Rbb8 27. Qa1 Rxa8 28. Rxa8 Rxa8 29. Qxa8+ Qe8 30. Qa7 Qd8 31. Nd2 Ne4 32. Bxe4 fxe4 33. Nf1 f5 34. g3 h6 35. Qb7 g5 36. hxg5 hxg5 37. Ne3 Be6 38. Qc6 Kf7 39. c4 dxc4 40. d5 Bd7 41. Qh6 Qf6 42. Qh7+ Ke8 43. Qg8+ Ke7 44. Nxc4 Bb5 45. d6+ Kd7 46. Nxb6+ Kxd6 47. Qd5+ Kc7 48. Qxb5 Qxb6 49. Qxf5 Qxb4 50. Qxg5 Kd7 51. Qf4 Ke6 52. Kg2 Qd4 53. g4 Qd5 54. Kg3 Qd3+ 55. Kh4 Qb1 56. Qf5+ Ke7 57. Kh5 Qd3 58. g5 Qd1+ 59. Kg6 Qd3 60. Kg7 Qc4 61. Qe5+ Kd7 62. g6 Qd3 63. Qf5+ Ke7 64. Qf6+ Kd7 65. Kg8 e3 66. Qf7+ Kd6 67. fxe3 Qxe3 68. g7 Qe5 69. Kf8 1-0

[Event "GCT Warsaw 2024"]
[Site "Warsaw, Poland"]
[Date "2024.05.11"]
[Round "12.2"]
[White "Carlsen, Magnus"]
[Black "Abdusattorov, Nodirbek"]
[Result "0-1"]
[WhiteElo "2828"]
[BlackElo "2733"]
[PlyCount "102"]
[EventDate "2024.??.??"]

1. e4 d5 2. exd5 Qxd5 3. Nc3 Qd6 4. d4 Nf6 5. Nf3 Nc6 6. Nb5 Qd8 7. Be2 a6 8. Na3 Bg4 9. Nc4 $146 ({RR} 9. c3 e6 10. Nc4 Bd6 11. O-O h6 12. Nxd6+ cxd6 13. Bf4 O-O 14. h3 Bf5 15. Bd3 Nd5 16. Bxf5 Nxf4 17. Bc2 Qf6 18. h4 Rac8 19. g3 Nd5 20. Kg2 Nce7 21. Re1 Nf5 22. Qd2 b5 23. Be4 Nde7 {Neiksans,A (2575)-Narva,T (2112) Puhajarve EST 2021 1-0 (50)}) 9... e6 10. O-O Be7 11. c3 O-O 12. h3 ({RR} 12. a4 Nd5 13. a5 Bd6 14. Re1 Re8 15. Bg5 f6 16. Bh4 Nce7 17. Bg3 Bxg3 18. hxg3 Nf5 19. Qb3 Rb8 20. Bd3 Bh5 21. Ncd2 Bf7 22. Qc2 Bg6 23. Nb3 Qd6 24. Nc5 b6 25. axb6 cxb6 26. Ne4 Qc7 {Carlsen,M (2862)-Dubov,D (2710) chess24.com INT 2021 1-0 (42)}) 12... Bh5 13. Bf4 $146 ({RR} 13. a4 Re8 14. Bf4 Nd5 15. Bh2 Bf6 16. Re1 Rb8 17. Qd2 h6 18. Rad1 b5 19. axb5 axb5 20. Nce5 Nxe5 21. Nxe5 Bxe2 22. Nc6 Qc8 23. Qxe2 Rb7 24. Ra1 Rb6 25. Ne5 c6 26. Ra7 Ra6 27. Ra1 Rxa1+ {Milovic,A (2121)-Caxita,E (1932) Budapest HUN 2024 0-1 (90)}) 13... Nd5 14. Bg3 b5 15. Ncd2 Bd6 16. Ne4 Bxg3 17. Nxg3 Bg6 18. Qd2 Qd6 19. a4 Na5 20. Qd1 b4 21. c4 Nf4 22. Re1 c5 23. Bf1 Rfd8 24. Ne4 Bxe4 25. Rxe4 cxd4 26. g3 Ng6 27. Rxd4 Qc7 28. c5 Rxd4 29. Qxd4 Nb3 30. Qe4 Rb8 31. Rd1 Nxc5 32. Qc4 Qb6 33. b3 h6 34. Rc1 Rc8 35. Qd4 a5 36. h4 Ne7 37. Ne5 Nf5 38. Qc4 Rc7 39. Qb5 Qd6 40. Qe8+ Kh7 41. Nxf7 Qd4 42. h5 g6 43. hxg6+ Kxg6 44. Ne5+ Kf6 45. Re1 Ne4 46. Ng4+ Kg7 47. Qxe6 Nexg3 48. Ne5 Nxf1 49. Qg6+ Kf8 50. Qf6+ Kg8 51. Qg6+ Rg7 0-1

[Event "GCT Warsaw 2024"]
[Site "Warsaw, Poland"]
[Date "2024.05.11"]
[Round "13.3"]
[White "Wei, Yi"]
[Black "Carlsen, Magnus"]
[Result "1/2-1/2"]
[WhiteElo "2758"]
[BlackElo "2828"]
[PlyCount "130"]
[EventDate "2024.??.??"]

1. e4 c5 2. Nf3 e6 3. d4 cxd4 4. Nxd4 Nc6 5. Nc3 Qc7 6. Be3 a6 7. Qd2 Nf6 8. O-O-O Be7 9. f4 b5 10. e5 b4 11. Ncb5 axb5 12. Nxb5 Qb8 13. exf6 gxf6 14. Nd6+ Bxd6 15. Qxd6 Qxd6 16. Rxd6 Rxa2 17. Kb1 Ra5 18. Bb6 $146 ({RR} 18. Be2 Ne7 19. Bb6 Rd5 20. Rd1 Bb7 21. g3 h5 22. Bc4 Rxd6 23. Rxd6 Nc8 24. Bc5 Nxd6 25. Bxd6 h4 26. Bxb4 hxg3 27. hxg3 Rh1+ 28. Ka2 Rg1 29. b3 Rxg3 30. Kb2 Rg2 31. Bd3 e5 {0-1 (31) Dirmeier,C (2049)-Bochis,J (2181) Bad Wiessee 2013}) ({RR} 18. Be2 Ne7 19. Bb6 Rd5 20. Rd1 Bb7 21. g3 h5 22. Bc4 Rxd6 23. Rxd6 Nc8 24. Bc5 Nxd6 25. Bxd6 h4 26. Bxb4 hxg3 27. hxg3 Rh1+ 28. Ka2 Rg1 29. b3 Rxg3 30. Kb2 Rg2 31. Bd3 e5 {0-1 (31) Dirmeier,C (2049)-Bochis,J (2181) Bad Wiessee 2013}) 18... Ra8 19. Bb5 Ne7 20. Rhd1 Rb8 21. Bd3 Bb7 22. g3 Bf3 23. Rf1 Bg2 24. Rf2 Nc8 25. Bc7 Rb7 26. Rxg2 Rxc7 27. Rd4 b3 28. c3 Ke7 29. Rb4 d5 30. Rxb3 Nd6 31. Re2 f5 32. Kc2 h5 33. Rb6 h4 34. Kb3 hxg3 35. hxg3 Rh3 36. Rg2 Ne4 37. Kb4 Nxg3 38. Bb5 Nh5 39. Rb8 Nxf4 40. Rgg8 Kf6 41. Ka5 Ra7+ 42. Ba6 Rh2 43. Kb6 Re7 44. b4 d4 45. c4 e5 46. c5 e4 47. c6 e3 48. Rbd8 d3 49. Bxd3 Nxd3 50. Rd6+ Re6 51. Rxd3 e2 52. Rg1 e1=Q 53. Rxe1 Rxe1 54. Rc3 Rb1 55. c7 Rh8 56. b5 Rc8 57. Ka6 Ke5 58. b6 f4 59. b7 Rxc7 60. Rxc7 Rxb7 61. Rxb7 f3 62. Rxf7 Ke4 63. Kb5 Ke3 64. Kc4 f2 65. Rxf2 Kxf2 1/2-1/2

[Event "GCT Warsaw 2024"]
[Site "Warsaw, Poland"]
[Date "2024.05.11"]
[Round "15.3"]
[White "Duda, Jan-Krzysztof"]
[Black "Carlsen, Magnus"]
[Result "1/2-1/2"]
[WhiteElo "2748"]
[BlackElo "2828"]
[PlyCount "86"]
[EventDate "2024.??.??"]

1. e4 e5 2. Nf3 Nc6 3. Nc3 Nf6 4. d4 exd4 5. Nxd4 Bb4 6. Nxc6 bxc6 7. Bd3 d5 8. exd5 O-O 9. O-O Bg4 10. f3 Bh5 11. Bg5 cxd5 12. Bxf6 Qxf6 13. Nxd5 Qxb2 14. Rb1 Bc5+ 15. Kh1 Qe5 16. f4 Bxd1 17. fxe5 Bg4 18. Nxc7 $146 ({RR} 18. Rf4 Be6 19. Nxc7 Rab8 20. Ra1 Bb6 21. Nxe6 fxe6 22. Rxf8+ Rxf8 23. Bc4 Kf7 24. Rd1 Rd8 25. Rf1+ Ke7 26. Bd3 h6 27. g3 Bc7 28. Bg6 Rf8 29. Rxf8 Kxf8 {½-½ (29) Nihal,S (2576)-Vidit,S (2702) Kolkata IND 2018}) ({RR} 18. h3 Bd7 19. Nxc7 Rac8 20. Nd5 Rfe8 21. Rfe1 {½-½ (21) Bruzon Batista,L (2643)-Nyzhnyk,I (2666) Orlando USA 2019}) 18... Rac8 19. Rb7 Be6 $146 ({RR} 19... Rfd8 20. e6 fxe6 21. Bc4 Rf8 22. Rxf8+ Bxf8 23. h3 Bd6 24. hxg4 Rxc7 25. Rxc7 {½-½ (25) Murzin,V (2534)-Rakhmanov,A (2633) Cheboksary 2022}) 20. Nxe6 fxe6 21. Rxf8+ Rxf8 22. Bc4 Re8 23. g3 Kf8 24. Kg2 Re7 25. Rb5 Bb6 26. Kf3 Rc7 27. Bxe6 Rxc2 28. Bb3 Rxh2 29. Rd5 Ke7 30. e6 Rf2+ 31. Kg4 Kxe6 32. Rd2+ Ke5 33. Rxf2 Bxf2 34. Kh3 h5 35. g4 h4 36. Bc4 g5 37. Bb3 a5 38. Bc4 a4 39. Bb5 a3 40. Bc4 Be3 41. Bb3 Bf2 42. Bc4 Be3 43. Bb3 Bf2 1/2-1/2

[Event "GCT Warsaw 2024"]
[Site "Warsaw, Poland"]
[Date "2024.05.11"]
[Round "17.5"]
[White "Carlsen, Magnus"]
[Black "Giri, Anish"]
[Result "1-0"]
[WhiteElo "2828"]
[BlackElo "2687"]
[PlyCount "89"]
[EventDate "2024.??.??"]

1. e4 e5 2. Nf3 Nc6 3. Bb5 Nf6 4. d3 Bc5 5. c3 O-O 6. O-O d5 7. Nbd2 dxe4 8. dxe4 a5 9. Qc2 ({RR} 9. h3 Qe7 10. Qe2 Nh5 11. Nb3 Ng3 12. Qc4 Bb6 13. Bg5 Qe6 14. Qxe6 Bxe6 15. Rfe1 a4 16. Nbd2 f6 17. Be3 Bxe3 18. fxe3 g6 19. Kf2 Nh5 20. Bc4 Ng7 21. b3 Bxc4 22. Nxc4 Ne6 23. b4 Na7 {Korobov,A (2689)-Vidit,S (2629) http://www.chessbomb.com 2021 0-1 (47)}) 9... Qe7 10. a4 Nb8 11. h3 $146 ({RR} 11. Be2 Nbd7 12. Nc4 Nb6 13. Ncxe5 Bd6 14. Nc4 Nxc4 15. Bxc4 Qxe4 16. Qxe4 Nxe4 17. Be3 Bd7 18. Rfd1 Rfd8 19. Bd5 Nf6 20. Bc4 Ne4 21. Bd5 Nf6 22. Bc4 Ne4 {½-½ (22) David,A (2563)-Balogh,C (2628) Brest FRA 2018}) 11... h6 12. Re1 Rd8 13. Bf1 ({RR} 13. Nf1 c6 14. Bc4 Na6 15. Ne3 Bb6 16. Nf1 Bc5 17. Ne3 Bb6 18. Bf1 Nc5 19. Nc4 Bc7 20. Be3 Ncxe4 21. Bb6 Bf5 22. Bd3 Bxb6 23. Nxb6 Qc5 24. Bxe4 Bxe4 25. Rxe4 Qxb6 26. Rxe5 Re8 27. Rae1 Rxe5 {LCZero 0.31-dag-5350a2e-BT4-6 (3631)-Stockfish dev-20240728-2343f7 (3662) tcec-chess.com INT 2024 ½-½ (39)}) 13... Nbd7 14. Nc4 b6 15. Rb1 $146 ({RR} 15. Ne3 Bxe3 16. Bxe3 Bb7 17. Nd2 Nc5 18. f3 Nh5 19. Bc4 Ne6 20. Nf1 Ba6 21. Bd5 Rac8 22. Rad1 Nef4 23. Bxf4 Nxf4 24. Ne3 Qg5 25. Kh2 c6 26. Bc4 Bxc4 27. Nxc4 b5 28. axb5 cxb5 29. Nxa5 b4 {Firouzja,A (2760)-Lazavik,D (2567) chess.com INT 2024 0-1 (41)}) 15... Bb7 16. Bd2 Qe6 17. b4 axb4 18. cxb4 Bd4 19. a5 Rdc8 20. Nxd4 exd4 21. f3 Nh5 22. Qd3 Ng3 23. Qxd4 Nxf1 24. Rxf1 c5 25. bxc5 bxc5 26. Qc3 Ba6 27. Rfc1 Bxc4 28. Qxc4 Qxc4 29. Rxc4 Ne5 30. Ra4 Ra6 31. Bc3 Nd3 32. Rc4 Nf4 33. Kf2 Ne6 34. Ke3 g5 35. g3 Rca8 36. f4 Rc6 37. f5 Nc7 38. Rb6 Ra6 39. Rxa6 Nxa6 40. e5 Rc8 41. Ra4 Rd8 42. Ra2 Nb4 43. Rd2 Ra8 44. Rd6 Rxa5 45. Rd8+ 1-0

[Event "GCT Warsaw 2024"]
[Site "Warsaw, Poland"]
[Date "2024.05.12"]
[Round "25.3"]
[White "Gukesh D"]
[Black "Carlsen, Magnus"]
[Result "0-1"]
[WhiteElo "2649"]
[BlackElo "2828"]
[PlyCount "86"]
[EventDate "2024.??.??"]

1. e4 g6 2. d4 d6 3. Nc3 c6 4. Be3 Nf6 5. Qd2 Nbd7 6. f3 b5 7. h4 Nb6 ({RR} 7... h5 8. Nh3 Bg7 9. Ng5 Qc7 10. Rd1 a6 11. a3 Bb7 12. Kf2 c5 13. d5 Ne5 14. Kg1 Bc8 15. g3 O-O 16. Rh2 Nh7 17. Nh3 Nxf3+ {0-1 (17) Nepomniachtchi,I (2520)-Nyback,T (2736) playchess.com INT 2006}) 8. Bd3 ({RR} 8. g4 b4 9. Nd1 a5 10. h5 Qc7 11. hxg6 fxg6 12. a3 bxa3 13. Rxa3 a4 14. Nc3 Be6 15. Nh3 Bc4 16. Bd3 Bxd3 17. cxd3 e5 18. Ng5 Be7 19. Ne6 Qc8 20. dxe5 dxe5 21. Bxb6 Qxe6 22. Rxa4 Rxa4 {Do Valle Cardoso,L (2214)-Timofeev,A (2574) chess.com INT 2022 0-1 (55)}) ({RR} 8. b3 a5 9. a4 b4 10. Nd1 h5 11. Nh3 Bxh3 12. Rxh3 Bg7 13. Nb2 O-O 14. Nc4 Nxc4 15. Bxc4 d5 16. Bd3 dxe4 17. Bxe4 Nxe4 18. fxe4 c5 19. O-O-O c4 20. Bh6 cxb3 21. cxb3 Qc8+ 22. Kb2 Bxh6 {Simonian,H (2404)-Carlsen,M (2833) chess.com INT 2025 0-1 (52)}) 8... h5 ({RR} 8... a5 9. Nh3 Bxh3 10. Rxh3 h5 11. O-O-O Bg7 12. Kb1 Nfd7 13. f4 Nf6 14. f5 gxf5 15. e5 dxe5 16. dxe5 Ng4 17. Bxb6 Qxb6 18. Bxf5 Nxe5 19. Rg3 Bh6 20. Qxh6 Rf8 21. Ne4 Rd8 22. Rxd8+ Qxd8 23. a3 {Gukesh,D (2725)-Carlsen,M (2859) chess.com INT 2022 1-0 (65)}) 9. O-O-O $146 ({RR} 9. Nh3 Bxh3 10. Rxh3 Qc7 11. O-O-O Bg7 12. Kb1 Rb8 13. e5 dxe5 14. dxe5 Nfd5 15. f4 O-O 16. Rg1 b4 17. Ne4 Na4 18. Ka1 c5 19. Bc4 Ndb6 20. Qe2 Qc6 21. Ng5 Nxc4 22. Qxc4 Rbd8 23. g4 hxg4 {Kunc,J (1832)-Kulhanek,T (2364) Ricany 2016 ½-½}) ({RR} 9. Nh3 Bg7 10. Ng5 Qc7 11. O-O-O a5 12. e5 b4 13. Ne2 dxe5 14. dxe5 Nh7 15. Nxh7 Rxh7 16. Bxb6 Qxb6 17. Nf4 Bh6 18. Kb1 Be6 19. g3 a4 20. Qe2 Bxf4 21. gxf4 Qc5 22. f5 gxf5 23. Rhg1 Rh8 {Greibrokk,I (1820)-Egyed,J (2142) Montevideo 2017 0-1 (32)}) ({RR} 9. Nh3 Bxh3 10. Rxh3 Qc7 11. O-O-O Bg7 12. Kb1 Rb8 13. e5 dxe5 14. dxe5 Nfd5 15. f4 O-O 16. Rg1 b4 17. Ne4 Na4 18. Ka1 c5 19. Bc4 Ndb6 20. Qe2 Qc6 21. Ng5 Nxc4 22. Qxc4 Rbd8 23. g4 hxg4 {Kunc,J (1832)-Kulhanek,T (2364) Ricany 2016 ½-½}) 9... Bg7 10. Nh3 Bxh3 11. gxh3 e6 12. f4 d5 13. e5 Nfd7 14. Rhg1 Bf8 15. Rxg6 Nc4 16. Qg2 Ndxe5 17. Rg3 Nxd3+ 18. cxd3 Nxe3 19. Rxe3 Qxh4 20. Rf1 Bd6 21. Kb1 O-O-O 22. Qc2 Kb7 23. Ne2 Rhg8 24. f5 exf5 25. Ref3 Rd7 26. a4 a6 27. Rxf5 Qxh3 28. Rxf7 Rc8 29. Nc1 Rxf7 30. Rxf7+ Rc7 31. Rf6 Be7 32. Rf2 Qe3 33. Nb3 bxa4 34. Re2 Qg1+ 35. Nc1 Qxd4 36. Rh2 h4 37. Ne2 Qb4 38. Nc3 a3 39. Qd1 Bd6 40. Rc2 h3 41. Ka2 h2 42. bxa3 Qxa3+ 43. Kb1 Ka7 0-1

[Event "GCT Warsaw 2024"]
[Site "Warsaw, Poland"]
[Date "2024.05.12"]
[Round "27.1"]
[White "Carlsen, Magnus"]
[Black "Erigaisi Arjun"]
[Result "1/2-1/2"]
[WhiteElo "2828"]
[BlackElo "2671"]
[PlyCount "66"]
[EventDate "2024.??.??"]

1. e4 e5 2. Nf3 Nc6 3. Nc3 Nf6 4. d4 exd4 5. Nxd4 Bb4 6. Nxc6 bxc6 7. Bd3 O-O ({RR} 7... d5) 8. O-O d5 9. exd5 cxd5 10. Bg5 c6 11. Qf3 ({RR} 11. Na4) 11... h6 12. Bxf6 Qxf6 13. Qxf6 gxf6 14. Ne2 Re8 15. Nd4 ({RR} 15. Ng3 Kf8) ({RR} 15. Ng3 Kf8 {½-½ (15) Dubov,D (2629)-Tkachiev,V (2637) Warsaw 2013}) 15... c5 ({RR} 15... Bb7 16. Nf5 Bf8 17. Rae1 Re5 18. Re3 Bc8 19. Nd4 Bd7 20. Rfe1 c5 21. Nf3 Rxe3 22. fxe3 a5 23. b3 a4 24. Nd2 Rb8 25. c4 Be6 26. cxd5 Bxd5 27. Kf2 Be6 28. h3 Bd6 29. Bc4 f5 30. Ke2) ({RR} 15... Bd7 16. Nf5 Bf8 17. Rfe1 Re5 18. g4 Rae8 19. Kf1 h5 20. h3 hxg4 21. hxg4 c5 22. b3 Bc6 23. f4 R5e6 24. c4 d4 25. Kf2 a5 26. Re2 Rxe2+ 27. Bxe2 Re4 28. Ng3 Rxf4+ 29. Ke1 d3 30. Bxd3 {Antonio,V (2397)-Salinas Herrera,P (2509) chess.com INT 2021 ½-½ (66)}) 16. a3 $146 ({RR} 16. c3 Ba5 17. Bb5 cxd4 18. Bxe8 Be6 19. Ba4 dxc3 20. bxc3 Bxc3 21. Rac1 d4 22. Bb3 Bf5 23. Bc2 Be6 24. Bb3 Bxb3 25. axb3 a5 26. Rfd1 Rb8 27. Rb1 Kf8 28. Kf1 Ke7 29. Ke2 Kd6 30. Kd3 Kc5 {Li,H (2344)-Wang,H (2696) China 2008 ½-½ (36)}) ({RR} 16. Nc6 Bd2 17. Rad1 Bf4 18. Rfe1 Bd7 19. Ne7+ Kg7 20. Nxd5 Rxe1+ 21. Rxe1 Be5 22. b3 Be6 23. Ne3 a5 24. Bf5 a4 25. Bxe6 fxe6 26. Nc4 axb3 27. axb3 Bd4 28. g3 Ra2 29. Re2 f5 30. Kg2 Kf6 {Hovhannisyan,R (2607)-Vitiugov,N (2720) chess.com INT 2023 1-0 (80)}) ({RR} 16. Nc6 Bd2 17. Rad1 Bf4 18. c4 d4 19. b4 cxb4 20. Nxb4 Be6 21. Nc6 Be5 22. Nxe5 fxe5 23. f4 Rac8 24. fxe5 Bxc4 25. Bxc4 Rxc4 26. Rf4 Rxe5 27. Rfxd4 Rc2 28. R4d2 Re2 29. Rxe2 Rxe2 30. Rd6 Rxa2 {Druska,J (2442)-Pulpan,J (2404) Slovakia SVK 2025 ½-½ (40)}) 16... Ba5 17. b4 $146 ({RR} 17. Bb5 Rd8 18. Nc6 Bd7 19. Nxd8 Bxb5 20. Nb7 Bxf1 21. Kxf1 Bb6 22. Nd6 Bc7 23. Nf5 Be5 24. Rb1 Kh7 25. Ne3 Rd8 26. Ke2 Kg6 27. b3 Bd4 28. Rd1 Re8 29. Kd3 Bxe3 30. fxe3 Kf5 31. Rf1+ Ke5 {Duboue,P (2431)-Stephan,V (2430) Chartres 2021 ½-½ (66)}) 17... Bb6 18. bxc5 Bxc5 19. Nf5 h5 20. h3 Rb8 21. g4 hxg4 22. hxg4 Bxf5 23. Bxf5 Kg7 24. Kg2 Re2 25. Kf3 Re5 26. a4 Rh8 27. Rh1 Rxh1 28. Rxh1 a5 29. Rh5 Bb4 30. Rh7+ Kg8 31. Rh6 Kg7 32. Rh7+ Kg8 33. Rh6 Kg7 1/2-1/2